Sports Quiz

Random Sports or NCAA Quiz
Score 0/82 Timer 10:00
0 Plays Today
Team & Year Player % Correct
2019 LSU Joe Burrow
97%
2007 Florida Tim Tebow
96.3%
1985 AuburnBo Jackson
95.1%
2010 AuburnCam Newton
95.1%
2012 Texas A&MJohnny Manziel
95.1%
2016 LouisvilleLamar Jackson
95.1%
2018 OklahomaKyler Murray
95.1%
2011 BaylorRobert Griffin
93.8%
2014 OregonMarcus Mariota
93.8%
2013 Florida StateJameis Winston
92.6%
2017 OklahomaBaker Mayfield
92.6%
1974 Ohio StateArchie Griffin
91.4%
1975 Ohio StateArchie Griffin
91.4%
2005 USCReggie Bush
91.4%
2006 Ohio StateTroy Smith
90.1%
1941 MinnesotaBruce Smith
88.9%
1988 Oklahoma StateBarry Sanders
88.9%
1997 MichiganCharles Woodson
88.9%
2004 USCMatt Leinart
88.9%
2009 AlabamaMark Ingram
88.9%
1998 Texas Ricky Williams
87.7%
2008 OklahomaSam Bradford
87.7%
2015 AlabamaDerrick Henry
87.7%
2002 USCCarson Palmer
86.4%
1982 Georgia Herschel Walker
84%
1984 Boston College Doug Flutie
84%
2003 OklahomaJason White
84%
1979 USCCharles White
82.7%
Team & Year Player % Correct
1991 Michigan Desmond Howard
82.7%
1948 SMUDoak Walker
81.5%
1993 Florida StateCharlie Ward
81.5%
1999 WisconsinRon Dayne
81.5%
1968 USCO.J. Simpson
80.2%
1986 Miami Testaverde
80.2%
1987 Notre DameTim Brown
80.2%
1995 Ohio StateEddie George
80.2%
1963 Navy Roger Staubach
76.5%
1990 BYUTy Detmer
76.5%
2000 Florida StateChris Weinke
76.5%
1966 FloridaSteve Spurrier
75.3%
1989 Houston Andre Ware
75.3%
1977 Texas Earl Campbell
71.6%
2001 Nebraska Eric Crouch
71.6%
1976 PittsburghTony Dorsett
70.4%
1981 USCMarcus Allen
69.1%
1994 ColoradoRashaan Salaam
69.1%
1980 South CarolinaGeorge Rogers
67.9%
1992 Miami Gino Torretta
66.7%
1996 Florida Danny Wuerffel
66.7%
1970 StanfordJim Plunkett
65.4%
1983 Nebraska Mike Rozier
64.2%
1946 ArmyGlenn Davis
61.7%
1961 Syracuse Ernie Davis
61.7%
1978 OklahomaBilly Sims
60.5%
1956 Notre DamePaul Hornung
55.6%
1959 LSU Billy Cannon
53.1%
Team & Year Player % Correct
1938 TCUDavey O'Brien
50.6%
1945 ArmyDoc Blanchard
50.6%
1962 Oregon StateTerry Baker
49.4%
1939 Iowa Nile Kinnick
48.1%
1940 Michigan Tom Harmon
46.9%
1971 Auburn Pat Sullivan
46.9%
1957 Texas A&MJohn David Crow
44.4%
1954 WisconsinAlan Ameche
43.2%
1955 Ohio StateHoward Cassady
43.2%
1967 UCLAGary Beban
43.2%
1973 Penn StateJohn Cappelletti
43.2%
1947 Notre DameJohnny Lujack
40.7%
1949 Notre DameLeon Hart
40.7%
1943 Notre DameAngelo Bertelli
39.5%
1958 ArmyPete Dawkins
39.5%
1964 Notre DameJohn Huarte
39.5%
1969 OklahomaSteve Owens
39.5%
1952 OklahomaBilly Vessels
38.3%
1944 Ohio StateLes Horvath
37%
1951 Princeton Dick Kazmaier
37%
1960 NavyJoe Bellino
35.8%
1953 Notre DameJohnny Lattner
34.6%
1950 Ohio StateVic Janowicz
30.9%
1942 GeorgiaFrank Sickwich
28.4%
1972 NebraskaJohnny Rodges
22.2%
1965 USCMike Garrnett
6.2%
Remove Ads.
Support Sporcle.
Get the best of Sporcle when you Go Orange. This ad-free experience offers more features, more stats, and more fun while also helping to support Sporcle. Thank you for becoming a member.

You're not logged in!

Compare scores with friends on all Sporcle quizzes.
OR
Log In

Show Comments

Extras

Created Sep 27, 2019ReportNominate
Tags:NCAA Quiz

Top Quizzes Today


Score Distribution

Your Account Isn't Verified!

In order to create a playlist on Sporcle, you need to verify the email address you used during registration. Go to your Sporcle Settings to finish the process.

Report this User

Report this user for behavior that violates our Community Guidelines.

Details: